[Event "EU-chT (Women) 15th"]
[Site "Gothenburg"]
[Date "2005.08.07"]
[Round "9"]
[White "Johansson, Viktoria"]
[Black "Gretarsdottir, Lilja"]
[Result "1-0"]
[WhiteElo "2218"]
[BlackElo "2046"]
[PlyCount "63"]
[EventDate "2005.07.30"]
[EventType "team-swiss"]
[EventRounds "9"]
[EventCountry "SWE"]
[SourceTitle "CBM 107 Extra"]
[Source "ChessBase"]
[SourceDate "2005.09.01"]
[SourceVersion "1"]
[SourceVersionDate "2005.09.01"]
[SourceQuality "1"]
[WhiteTeam "Sweden (W)"]
[BlackTeam "Island (W)"]
[WhiteTeamCountry "SWE"]
[BlackTeamCountry "ISL"]

1. d4 d5 2. c4 c6 3. Nf3 Nf6 4. Nc3 dxc4 5. a4 Bf5 6. Ne5 Nbd7 7. Nxc4 Qc7 8. g3 e5 9. dxe5 Nxe5 10. Bf4 Nfd7 11. Bg2 g5 12. Bxe5 Nxe5 13. Nxe5 Qxe5 14. Qb3 Bg7 15. 0-0 Rb8 16. a5 0-0 17. Qa4 Rfd8 18. Rad1 Qc5 19. Rc1 Rd4 20. Qa1 Rbd8 21. e4 Be6 22. a6 bxa6 23. Nd5 Qd6 24. Rxc6 Qb8 25. Rxa6 Bxd5 26. exd5 Rd2 27. Qc1 Rxb2 28. Qxg5 Rd6 29. Rxd6 Qxd6 30. Rc1 h6 31. Rc8+ Kh7 32. Be4+ 1-0

[Event "EU-chT (Women) 15th"]
[Site "Gothenburg"]
[Date "2005.07.31"]
[Round "2"]
[White "Macek, Vlasta"]
[Black "Gretarsdottir, Lilja"]
[Result "1-0"]
[WhiteElo "2211"]
[BlackElo "2046"]
[PlyCount "147"]
[EventDate "2005.07.30"]
[EventType "team-swiss"]
[EventRounds "9"]
[EventCountry "SWE"]
[SourceTitle "CBM 107 Extra"]
[Source "ChessBase"]
[SourceDate "2005.09.01"]
[SourceVersion "1"]
[SourceVersionDate "2005.09.01"]
[SourceQuality "1"]
[WhiteTeam "Croatia (W)"]
[BlackTeam "Island (W)"]
[WhiteTeamCountry "CRO"]
[BlackTeamCountry "ISL"]

1. d4 d5 2. c4 c6 3. e3 Nf6 4. Nc3 a6 5. Qc2 g6 6. Bd3 Bg7 7. Nf3 0-0 8. 0-0 Nbd7 9. b3 b6 10. Bb2 Bb7 11. Rac1 Re8 12. Rfd1 e6 13. b4 dxc4 14. Bxc4 Qe7 15. a3 c5 16. d5 b5 17. d6 Qd8 18. Be2 c4 19. a4 Qb6 20. axb5 axb5 21. Nd4 Ba6 22. Bf3 Rac8 23. Ra1 e5 24. Rxa6 Qxa6 25. Ndxb5 Qb6 26. Nc7 Red8 27. b5 Rxc7 28. dxc7 Qxc7 29. Nd5 Nxd5 30. Bxd5 Nb6 31. Bc6 Qe7 32. Bc3 Bf6 33. g3 Rxd1+ 34. Qxd1 Qc5 35. Qb1 Qa3 36. Qb4 Qc1+ 37. Kg2 h5 38. h4 Qc2 39. Qd6 Qxc3 40. Qxf6 Qa5 41. Be8 Qa8+ 42. Bc6 Qb8 43. Qe7 Kg7 44. e4 Nc8 45. Qc5 Nb6 46. Bd5 Qd8 47. Bxc4 Qf6 48. Bd5 Qd8 49. Bc6 Qc7 50. Qc3 f6 51. Qb3 Qd6 52. Qa2 Qe7 53. Qa6 Qc7 54. Qb7 Qxb7 55. Bxb7 Kf7 56. Kf3 Ke6 57. Bc6 Nc8 58. Be8 Ne7 59. b6 Kd6 60. Ke3 g5 61. Bxh5 Kc6 62. Be8+ Kxb6 63. h5 Ng8 64. Kd3 Kc5 65. Kc3 Nh6 66. Bd7 Ng8 67. Be6 Nh6 68. Bc4 Ng4 69. f3 Nh6 70. g4 Kc6 71. Kb4 Kb6 72. Bd5 Kc7 73. Kc5 Kd7 74. Kb6 1-0

[Event "Olympiad Women-36"]
[Site "Mallorca"]
[Date "2004.10.27"]
[Round "12.2"]
[White "Gretarsdottir, Lilja"]
[Black "Tuominen, Tanja"]
[Result "0-1"]
[WhiteElo "2057"]
[BlackElo "2128"]
[PlyCount "108"]
[EventDate "2004.10.15"]
[EventType "team-swiss"]
[EventRounds "14"]
[EventCountry "ESP"]
[SourceTitle "CBM 102 Extra"]
[Source "ChessBase"]
[SourceDate "2004.11.03"]
[SourceVersion "1"]
[SourceVersionDate "2004.11.03"]
[SourceQuality "1"]
[WhiteTeam "Island (W)"]
[BlackTeam "Finland (W)"]
[WhiteTeamCountry "ISL"]
[BlackTeamCountry "FIN"]

1. e4 c5 2. c3 Nf6 3. e5 Nd5 4. Nf3 e6 5. Bc4 Nb6 6. Bb3 c4 7. Bc2 d6 8. exd6 Bxd6 9. 0-0 0-0 10. d3 Be7 11. d4 N8d7 12. Qe2 Re8 13. Nbd2 Qc7 14. Ne5 Nxe5 15. dxe5 Bd7 16. Re1 Rac8 17. Qh5 g6 18. Qh3 Bc6 19. Qg3 Bf8 20. h4 h5 21. Be4 Red8 22. Bc2 Bg7 23. Nf1 Nd5 24. Bg5 Ne7 25. Qh3 Rd7 26. Qe3 b6 27. Nd2 Bd5 28. Bf6 Nf5 29. Bxf5 exf5 30. Qg5 Qc6 31. Bxg7 Kxg7 32. f3 Qc5+ 33. Kh2 Rc6 34. Re2 Re6 35. Rae1 Bb7 36. f4 Rd3 37. Nf1 Qe7 38. Qxe7 Rxe7 39. Ne3 Ba6 40. Nc2 Bb7 41. Nd4 Be4 42. Nb5 Bc6 43. Nd6 b5 44. a4 a6 45. axb5 axb5 46. Ra1 Rxd6 47. exd6 Rxe2 48. Ra6 Bd7 49. Ra7 Be6 50. Rb7 Rxb2 51. d7 Rd2 52. Rxb5 Bxd7 53. Rc5 Be6 54. Ra5 Rc2 0-1

[Event "Olympiad Women-36"]
[Site "Mallorca"]
[Date "2004.10.26"]
[Round "11.3"]
[White "Gretarsdottir, Lilja"]
[Black "Navabi, Shirin"]
[Result "0-1"]
[WhiteElo "2057"]
[BlackElo "2107"]
[PlyCount "88"]
[EventDate "2004.10.15"]
[EventType "team-swiss"]
[EventRounds "14"]
[EventCountry "ESP"]
[SourceTitle "CBM 102 Extra"]
[Source "ChessBase"]
[SourceDate "2004.11.03"]
[SourceVersion "1"]
[SourceVersionDate "2004.11.03"]
[SourceQuality "1"]
[WhiteTeam "Island (W)"]
[BlackTeam "Iran (W)"]
[WhiteTeamCountry "ISL"]
[BlackTeamCountry "IRI"]

1. e4 e5 2. Nf3 Nf6 3. d4 Nxe4 4. Bd3 Nc6 5. Bxe4 d5 6. Nxe5 dxe4 7. Nxc6 bxc6 8. 0-0 f5 9. c4 Bd6 10. Nc3 0-0 11. Qh5 g6 12. Qh6 Rf7 13. Bg5 Bf8 14. Qh4 Qxd4 15. Rfd1 Qxc4 16. Rd8 Rd7 17. Bh6 Rxd8 18. Qxd8 Bb7 19. Qxc7 Qf7 20. Qxf7+ Kxf7 21. Bxf8 Rxf8 22. Rd1 Ke7 23. Na4 Rd8 24. Rxd8 Kxd8 25. Nc5 Bc8 26. Kf1 Kc7 27. Ke2 Kb6 28. Nb3 Be6 29. Nc1 f4 30. h4 Kc5 31. Kd2 Bc4 32. Kc3 Bf1 33. f3 e3 34. b4+ Kd5 35. a4 Ke5 36. Nb3 Bxg2 37. Nd4 e2 38. Nxe2 Bxf3 39. Nd4 Bd5 40. b5 cxb5 41. axb5 f3 42. Nc2 Kf4 43. Kd4 Bb7 44. Kc5 f2 0-1

[Event "Olympiad Women-36"]
[Site "Mallorca"]
[Date "2004.10.22"]
[Round "7.3"]
[White "Gretarsdottir, Lilja"]
[Black "Vasiliev, Olga"]
[Result "0-1"]
[WhiteElo "2057"]
[BlackElo "2167"]
[PlyCount "58"]
[EventDate "2004.10.15"]
[EventType "team-swiss"]
[EventRounds "14"]
[EventCountry "ESP"]
[SourceTitle "CBM 102 Extra"]
[Source "ChessBase"]
[SourceDate "2004.11.03"]
[SourceVersion "1"]
[SourceVersionDate "2004.11.03"]
[SourceQuality "1"]
[WhiteTeam "Island (W)"]
[BlackTeam "Israel (W)"]
[WhiteTeamCountry "ISL"]
[BlackTeamCountry "ISR"]

1. e4 c5 2. Nf3 Nc6 3. Bb5 e5 4. Bxc6 dxc6 5. d3 Bd6 6. h3 Ne7 7. Be3 0-0 8. Nbd2 f5 9. Nc4 f4 10. Bd2 Ng6 11. a3 Bc7 12. b4 b5 13. Nb2 Bd6 14. 0-0 Nh4 15. bxc5 Bxc5 16. a4 Qf6 17. d4 Bxd4 18. c3 Bb6 19. a5 Bc7 20. Nd3 Bxh3 21. Nxh4 Qxh4 22. Ne1 Bg4 23. Qb3+ Kh8 24. f3 Rad8 25. Qc2 Be6 26. Nd3 Bc4 27. Be1 Bxd3 28. Qxd3 Qxe1 29. Qxd8 Qe3+ 0-1

[Event "Olympiad Women-36"]
[Site "Mallorca"]
[Date "2004.10.20"]
[Round "6.2"]
[White "Kaps, Darja"]
[Black "Gretarsdottir, Lilja"]
[Result "1-0"]
[WhiteElo "2236"]
[BlackElo "2057"]
[PlyCount "145"]
[EventDate "2004.10.15"]
[EventType "team-swiss"]
[EventRounds "14"]
[EventCountry "ESP"]
[SourceTitle "CBM 102 Extra"]
[Source "ChessBase"]
[SourceDate "2004.11.03"]
[SourceVersion "1"]
[SourceVersionDate "2004.11.03"]
[SourceQuality "1"]
[WhiteTeam "Slovenia (W)"]
[BlackTeam "Island (W)"]
[WhiteTeamCountry "SLO"]
[BlackTeamCountry "ISL"]

1. e4 c5 2. c3 d5 3. d3 Nc6 4. Bf4 e5 5. Bg3 d4 6. f4 Nf6 7. fxe5 Ng4 8. Nf3 Ne3 9. Qd2 b5 10. Na3 Qa5 11. Nc2 b4 12. Kf2 bxc3 13. bxc3 Nxc2 14. Qxc2 dxc3 15. Rc1 Be6 16. Qxc3 Qb6 17. Bf4 Rd8 18. Be3 Nb4 19. Bxc5 Bxc5+ 20. Qxc5 Qxc5+ 21. Rxc5 Nxd3+ 22. Bxd3 Rxd3 23. Ra5 Rd7 24. Rc1 0-0 25. Rc6 Rb8 26. Ke3 h6 27. Nd4 Bg4 28. Rd6 Rc7 29. Nc6 Rbb7 30. h3 Be6 31. Nd8 Rc3+ 32. Kd2 Rbc7 33. Nxe6 fxe6 34. Rxe6 Rc2+ 35. Ke3 Kf7 36. Rea6 Rxg2 37. e6+ Ke7 38. Rf5 Rcc2 39. Rf7+ Ke8 40. Raxa7 Rxa2 41. Rae7+ Kd8 42. Rd7+ Ke8 43. Rxg7 Rxg7 44. Rxg7 Ra3+ 45. Kf4 Rxh3 46. Rh7 Rh1 47. Ke5 Rh2 48. e7 Rh4 49. Kf5 h5 50. Kf6 Rf4+ 51. Ke5 Rf7 52. Rxh5 Kxe7 53. Rh8 Rg7 54. Ra8 Rg2 55. Rh8 Re2 56. Ra8 Re1 57. Ra7+ Ke8 58. Ra2 Rd1 59. Ke6 Kd8 60. Ra8+ Kc7 61. e5 Re1 62. Re8 Rc1 63. Ke7 Rh1 64. Rf8 Rh7+ 65. Rf7 Rh6 66. Rg7 Ra6 67. e6 Ra2 68. Kf8+ Kd6 69. e7 Rf2+ 70. Rf7 Rh2 71. Rf6+ Ke5 72. Rg6 Rh8+ 73. Rg8 1-0

[Event "Reykjavik op 21st"]
[Site "Reykjavik"]
[Date "2004.03.15"]
[Round "8"]
[White "Gretarsdottir, Lilja"]
[Black "Gunnarsson, Runar"]
[Result "1/2-1/2"]
[WhiteElo "2071"]
[BlackElo "2016"]
[PlyCount "106"]
[EventDate "2004.03.07"]
[EventType "swiss"]
[EventRounds "9"]
[EventCountry "ISL"]
[SourceTitle "CBM 099 Extra"]
[Source "ChessBase"]
[SourceDate "2004.05.04"]
[SourceVersion "1"]
[SourceVersionDate "2004.05.04"]
[SourceQuality "1"]

1. c4 Nf6 2. g3 c6 3. Bg2 d5 4. cxd5 cxd5 5. d4 g6 6. Nc3 Bg7 7. Nf3 0-0 8. 0-0 e6 9. Ne5 Nfd7 10. Nxd7 Qxd7 11. Bf4 b6 12. Qd2 Ba6 13. Bh6 Nc6 14. Bxg7 Kxg7 15. h4 h5 16. Rfd1 Rac8 17. Qf4 Qc7 18. Qf3 Ne7 19. Bh3 Bb7 20. Qe3 a6 21. Rac1 Qd6 22. Na4 Rxc1 23. Rxc1 Rc8 24. Rxc8 Nxc8 25. a3 Bc6 26. Nc3 Ne7 27. Nb1 Ng8 28. Qc3 Nf6 29. Bg2 Bb7 30. e3 Qc6 31. Bf1 Qxc3 32. Nxc3 Ne4 33. Nxe4 dxe4 34. Be2 f5 35. Kf1 Kf7 36. Ke1 Ke7 37. Kd2 Kd6 38. Kc3 Kc7 39. Kb4 a5+ 40. Kc3 Bd5 41. b4 axb4+ 42. Kxb4 Bc6 43. a4 Kd6 44. Bc4 Kd7 45. a5 bxa5+ 46. Kxa5 Kd6 47. Kb6 Be8 48. Bb3 Bf7 49. Kb7 Bg8 50. Kc8 Ke7 51. Kc7 Bf7 52. Ba4 Bg8 53. Bc6 Bf7 1/2-1/2

[Event "Reykjavik op 21st"]
[Site "Reykjavik"]
[Date "2004.03.12"]
[Round "6"]
[White "Hagesaether, Ellen"]
[Black "Gretarsdottir, Lilja"]
[Result "1-0"]
[WhiteElo "2194"]
[BlackElo "2071"]
[PlyCount "71"]
[EventDate "2004.03.07"]
[EventType "swiss"]
[EventRounds "9"]
[EventCountry "ISL"]
[SourceTitle "CBM 099 Extra"]
[Source "ChessBase"]
[SourceDate "2004.05.04"]
[SourceVersion "1"]
[SourceVersionDate "2004.05.04"]
[SourceQuality "1"]

1. Nf3 f5 2. d3 Nf6 3. e4 fxe4 4. Ng5 d5 5. dxe4 h6 6. Nf3 dxe4 7. Qxd8+ Kxd8 8. Ne5 Be6 9. Nc3 Nbd7 10. Ng6 Rg8 11. Be3 Bf7 12. Nxf8 Rxf8 13. 0-0-0 Kc8 14. g3 Ne5 15. Bg2 Bh5 16. Bh3+ Kb8 17. Rd4 Neg4 18. Bxg4 Bxg4 19. Bf4 b6 20. Rc4 Ne8 21. Nxe4 Be6 22. Rd4 Nd6 23. Nxd6 exd6 24. Re1 Rf6 25. Rde4 Bf5 26. Re7 g5 27. Bd2 Kb7 28. Bc3 Rg6 29. Rf7 Bh3 30. Ree7 Rc8 31. f4 gxf4 32. gxf4 Be6 33. Rg7 Bf5 34. Ref7 Rg8 35. Rxg8 Rxg8 36. Rxf5 1-0

[Event "Reykjavik op 21st"]
[Site "Reykjavik"]
[Date "2004.03.10"]
[Round "4"]
[White "Halldorsson, Jon Arni"]
[Black "Gretarsdottir, Lilja"]
[Result "1-0"]
[WhiteElo "2200"]
[BlackElo "2071"]
[PlyCount "71"]
[EventDate "2004.03.07"]
[EventType "swiss"]
[EventRounds "9"]
[EventCountry "ISL"]
[SourceTitle "CBM 099 Extra"]
[Source "ChessBase"]
[SourceDate "2004.05.04"]
[SourceVersion "1"]
[SourceVersionDate "2004.05.04"]
[SourceQuality "1"]

1. d4 d5 2. c4 c6 3. Nf3 Nf6 4. Nc3 dxc4 5. a4 Bf5 6. e3 e6 7. Bxc4 Bb4 8. 0-0 Nbd7 9. Qe2 Bg6 10. Bd3 Bxd3 11. Qxd3 0-0 12. Rd1 Qa5 13. Bd2 Rad8 14. Ne4 Nxe4 15. Qxe4 Rfe8 16. Bxb4 Qxb4 17. Qc2 c5 18. Ng5 g6 19. Ne4 b6 20. dxc5 Nxc5 21. Nf6+ Kg7 22. Nxe8+ Rxe8 23. Rd4 Qb3 24. Qd2 e5 25. Rb4 Qe6 26. Rd1 e4 27. Qd4+ Kg8 28. Qd5 Qf6 29. Qd6 Qg5 30. Rd5 Qg4 31. f3 Qc8 32. Rc4 exf3 33. b4 f2+ 34. Kf1 Qa6 35. Rdxc5 bxc5 36. Qxa6 1-0

[Event "Reykjavik op 21st"]
[Site "Reykjavik"]
[Date "2004.03.09"]
[Round "3"]
[White "Gretarsdottir, Lilja"]
[Black "Sigfusson, Sigurdur Dadi"]
[Result "0-1"]
[WhiteElo "2071"]
[BlackElo "2285"]
[PlyCount "70"]
[EventDate "2004.03.07"]
[EventType "swiss"]
[EventRounds "9"]
[EventCountry "ISL"]
[SourceTitle "CBM 099 Extra"]
[Source "ChessBase"]
[SourceDate "2004.05.04"]
[SourceVersion "1"]
[SourceVersionDate "2004.05.04"]
[SourceQuality "1"]

1. e4 e5 2. Nf3 Nc6 3. Bc4 Nf6 4. d3 h6 5. 0-0 d6 6. Re1 g6 7. c3 Bg7 8. Nbd2 0-0 9. Nf1 Na5 10. Bb5 a6 11. Ba4 b5 12. Bc2 c5 13. d4 Qc7 14. b4 cxb4 15. cxb4 Nc6 16. d5 Nxb4 17. Bb3 a5 18. Ba3 Na6 19. Rc1 Qe7 20. Bb2 a4 21. Bc2 Bd7 22. Bd3 Rfc8 23. Rxc8+ Rxc8 24. Qe2 Qe8 25. Ba3 Nc5 26. N1d2 Bf8 27. Rb1 Nxd3 28. Qxd3 Rc7 29. Ne1 Qc8 30. Bb2 Qa8 31. a3 Rc5 32. f4 Qa7 33. Kh1 Ng4 34. Qe2 Rxd5 35. h3 Qf2 0-1

[Event "EU-Cup (Women) 08th"]
[Site "Rethymno"]
[Date "2003.10.02"]
[Round "5.2"]
[White "Makka, Ioulia"]
[Black "Gretarsdottir, Lilja"]
[Result "1/2-1/2"]
[WhiteElo "2275"]
[BlackElo "2058"]
[PlyCount "107"]
[EventDate "2003.09.28"]
[EventType "team-swiss"]
[EventRounds "7"]
[EventCountry "GRE"]
[SourceTitle "EXT 2013"]
[Source "ChessBase"]
[SourceDate "2012.11.22"]
[SourceVersion "1"]
[SourceVersionDate "2012.11.22"]
[SourceQuality "1"]
[WhiteTeam "Chania Kydon (W)"]
[BlackTeam "Reykjavik Hellir (W)"]
[WhiteTeamCountry "GRE"]
[BlackTeamCountry "ISL"]

1. e4 c5 2. Nf3 d6 3. d4 cxd4 4. Nxd4 Nf6 5. Nc3 a6 6. g3 e5 7. Nde2 Be6 8. Bg2 Nbd7 9. 0-0 b5 10. h3 Be7 11. Be3 Nb6 12. b3 Rc8 13. a4 b4 14. Na2 a5 15. c3 bxc3 16. Naxc3 Nbd7 17. Nd5 Nxd5 18. exd5 Bf5 19. Rc1 0-0 20. Qd2 Nc5 21. Bxc5 dxc5 22. Rc4 Rb8 23. Qc3 Bd6 24. Re1 Re8 25. Nc1 Qb6 26. Kh2 Bg6 27. Be4 f5 28. Bc2 e4 29. Ne2 h6 30. Nf4 Bf7 31. Qd2 Re5 32. f3 g5 33. Ne6 Bxe6 34. dxe6 Qc7 35. fxe4 Rxe6 36. Qd5 Bxg3+ 37. Kg2 Rbe8 38. Re2 Kh8 39. Rxc5 Qf4 40. Qxf5 Qxf5 41. Rxf5 Bc7 42. Ref2 Be5 43. Bd3 Bc3 44. Rf7 R8e7 45. Rf8+ Kg7 46. Bc4 Rxe4 47. Rg8+ Kh7 48. Rc8 Re3 49. Rff8 Bg7 50. Rfd8 h5 51. Rd6 Re8 52. Bd3+ Kg8 53. Rc7 R3e7 54. Bg6 1/2-1/2

[Event "ISL-ch (Women)"]
[Site "Hafnarborg"]
[Date "2003.08.27"]
[Round "4"]
[White "Ingolfsdottir, Harpa"]
[Black "Gretarsdottir, Lilja"]
[Result "0-1"]
[WhiteElo "2057"]
[BlackElo "2058"]
[PlyCount "100"]
[EventDate "2003.08.24"]
[EventType "tourn"]
[EventRounds "10"]
[EventCountry "ISL"]
[SourceTitle "EXT 2004"]
[Source "ChessBase"]
[SourceDate "2003.11.25"]
[SourceVersion "1"]
[SourceVersionDate "2003.11.25"]
[SourceQuality "1"]

1. e4 c5 2. Nf3 a6 3. d4 cxd4 4. Nxd4 Nf6 5. Nc3 e5 6. Nb3 Bb4 7. Bd3 Bxc3+ 8. bxc3 Qc7 9. c4 d6 10. 0-0 Be6 11. Qe2 Nbd7 12. f4 Rc8 13. fxe5 dxe5 14. Nd2 Nb6 15. Rb1 0-0 16. Kh1 Rfd8 17. h3 Rd7 18. Rb4 Ne8 19. Bb2 Qc5 20. a3 Qc7 21. Rb1 Na8 22. Ba1 b6 23. Nf3 f6 24. Ne1 Nd6 25. R1b3 a5 26. Ra4 Qc6 27. c5 Bxb3 28. cxb3 Qxc5 29. Qg4 Rcd8 30. Qe6+ Kh8 31. Bc4 Nc7 32. Qg4 b5 33. Rxa5 Qb6 34. Bxb5 Ndxb5 35. b4 Rd1 36. Kh2 Rxe1 37. Bb2 Qf2 38. a4 Qxb2 39. axb5 Qxb4 40. Ra7 Qc5 41. Rb7 Rb1 42. Qd7 Rg8 43. Rxc7 Qxb5 44. Qe6 Qb6 45. Qd7 h5 46. Qf5 g6 47. Qd7 Qg1+ 48. Kg3 Rb3+ 49. Kh4 Qf2+ 50. g3 Qxg3# 0-1

[Event "Olympiad Women-35"]
[Site "Bled"]
[Date "2002.11.10"]
[Round "14.1"]
[White "Fomina, Tatyana"]
[Black "Gretarsdottir, Lilja"]
[Result "1-0"]
[WhiteElo "2235"]
[BlackElo "2025"]
[PlyCount "95"]
[EventDate "2002.10.26"]
[EventType "team-swiss"]
[EventRounds "14"]
[EventCountry "SLO"]
[SourceTitle "EXT 2003"]
[Source "ChessBase"]
[SourceDate "2002.11.25"]
[SourceVersion "1"]
[SourceVersionDate "2002.11.25"]
[SourceQuality "1"]
[WhiteTeam "Estonia (W)"]
[BlackTeam "Island (W)"]
[WhiteTeamCountry "EST"]
[BlackTeamCountry "ISL"]

1. e4 c5 2. Nf3 d6 3. c3 Nf6 4. Bc4 e6 5. Qe2 Nbd7 6. Bb3 Be7 7. 0-0 a6 8. a4 b6 9. d4 Bb7 10. Nbd2 0-0 11. e5 dxe5 12. dxe5 Nd5 13. Ne4 b5 14. Bd2 c4 15. Bc2 Qc7 16. Neg5 h6 17. Nh3 Rfd8 18. Rfe1 b4 19. Nd4 Rac8 20. Qh5 Nc5 21. Bxh6 Nd3 22. Bxg7 Kxg7 23. Re4 Nf6 24. exf6+ Bxf6 25. Rg4+ Kf8 26. Ng5 Bxg5 27. Qxg5 Qe5 28. Qh4 Ke8 29. Rd1 Bd5 30. Bxd3 cxd3 31. Rg5 Qe4 32. Rg8+ Kd7 33. Rxd8+ Rxd8 34. Qxe4 Bxe4 35. cxb4 e5 36. Nb3 Kc6 37. f3 Bg6 38. Kf2 Rb8 39. Rc1+ Kd6 40. Rc4 f5 41. Nd2 Kd5 42. Rc5+ Kd6 43. Rc4 Kd5 44. b3 Rh8 45. h3 f4 46. Ne4 Rb8 47. Ke1 Rg8 48. Nf6+ 1-0

[Event "Reykjavik op"]
[Site "Reykjavik"]
[Date "2002.03.15"]
[Round "9"]
[White "Petursson, Gudni Stefan"]
[Black "Gretarsdottir, Lilja"]
[Result "0-1"]
[WhiteElo "2112"]
[BlackElo "2056"]
[PlyCount "56"]
[EventDate "2002.03.07"]
[EventType "swiss"]
[EventRounds "9"]
[EventCountry "ISL"]
[SourceTitle "CBM 087 Extra"]
[Source "ChessBase"]
[SourceDate "2002.05.03"]
[SourceVersion "2"]
[SourceVersionDate "2002.08.09"]
[SourceQuality "1"]

1. d4 d5 2. c4 c6 3. Nf3 Nf6 4. Nc3 dxc4 5. a4 Bf5 6. e3 e6 7. Bxc4 Nbd7 8. 0-0 Bb4 9. Na2 Bd6 10. b4 Qc7 11. h3 0-0 12. Qb3 e5 13. Nh4 Bg6 14. f4 exf4 15. Nxg6 hxg6 16. exf4 Ne4 17. Qd3 Ndf6 18. Be3 Rfe8 19. Rae1 g5 20. fxg5 Bh2+ 21. Kh1 Ng3+ 22. Kxh2 Nxf1+ 23. Kg1 Rxe3 24. Rxe3 Nxe3 25. Qxe3 Re8 26. Qb3 Nd5 27. Bxd5 cxd5 28. Qxd5 Qg3 0-1

[Event "Hasselbacken op (Women)"]
[Site "Stockholm"]
[Date "2001.08.03"]
[Round "7"]
[White "Berg, Susanne"]
[Black "Gretarsdottir, Lilja"]
[Result "1/2-1/2"]
[WhiteElo "2076"]
[BlackElo "2053"]
[PlyCount "135"]
[EventDate "2001.07.28"]
[EventType "swiss"]
[EventRounds "9"]
[EventCountry "SWE"]
[SourceTitle "EXT 2002"]
[Source "ChessBase"]
[SourceDate "2001.11.25"]
[SourceVersion "1"]
[SourceVersionDate "2001.11.25"]
[SourceQuality "1"]

1. e4 e5 2. f4 exf4 3. Bc4 Qh4+ 4. Kf1 Nf6 5. Nf3 Qh5 6. Nc3 Bb4 7. Nd5 Nxd5 8. Bxd5 d6 9. c3 c6 10. Bb3 Ba5 11. d4 g5 12. Nd2 Bg4 13. Qe1 f3 14. Qg3 fxg2+ 15. Kxg2 Nd7 16. Rf1 f6 17. Rf2 0-0-0 18. Nc4 Bc7 19. Ne3 Be2 20. Be6 Bd3 21. Qf3 Qxf3+ 22. Kxf3 Rde8 23. Bf5 d5 24. exd5 Bxf5 25. Nxf5 cxd5 26. Bd2 h5 27. Kg2 Nb6 28. b3 Kd7 29. Raf1 Bd8 30. Ne3 Re4 31. Rf5 Kc6 32. R5f2 Rhe8 33. Nf5 Nc8 34. Ng3 Rh4 35. Nf5 Rhe4 36. Ng3 Rh4 37. Nf5 Rg4+ 38. Kh1 h4 39. Nh6 Rge4 40. h3 Nd6 41. Ng4 f5 42. Ne5+ Kc7 43. Rg1 f4 44. Nf3 Re2 45. Rxe2 Rxe2 46. Rg2 Rxg2 47. Kxg2 Ne4 48. Be1 Kd6 49. Ne5 Ke6 50. Ng4 Kf5 51. Nh6+ Kg6 52. Ng4 Kf5 53. Nh6+ Ke6 54. Ng4 Ba5 55. b4 Bd8 56. Kf3 b5 57. Ne5 Bc7 58. Ng4 a6 59. Nh2 Kf5 60. Ng4 a5 61. a3 a4 62. Nh6+ Kg6 63. Ng4 Nf6 64. Nxf6 Kxf6 65. Bf2 Kf5 66. Bg1 Kf6 67. Bf2 Kf5 68. Bg1 1/2-1/2

[Event "Hasselbacken op (Women)"]
[Site "Stockholm"]
[Date "2001.07.31"]
[Round "4"]
[White "Andersson, Christin"]
[Black "Gretarsdottir, Lilja"]
[Result "1-0"]
[WhiteElo "2124"]
[BlackElo "2053"]
[PlyCount "79"]
[EventDate "2001.07.28"]
[EventType "swiss"]
[EventRounds "9"]
[EventCountry "SWE"]
[SourceTitle "EXT 2002"]
[Source "ChessBase"]
[SourceDate "2001.11.25"]
[SourceVersion "1"]
[SourceVersionDate "2001.11.25"]
[SourceQuality "1"]

1. e4 e5 2. Nf3 Nc6 3. Bc4 Bc5 4. 0-0 Nf6 5. c3 Nxe4 6. Bd5 Nxf2 7. Rxf2 Bxf2+ 8. Kxf2 d6 9. d3 0-0 10. Kg1 Ne7 11. Bb3 Ng6 12. Be3 Bf5 13. Qf1 Qd7 14. Nbd2 d5 15. d4 e4 16. Ne5 Nxe5 17. dxe5 Bg4 18. Qf4 Bh5 19. Rf1 c6 20. Bc5 Rfe8 21. c4 Qc7 22. g4 Bg6 23. Bd6 Qb6+ 24. c5 Qd8 25. g5 Re6 26. h4 b6 27. Kh2 bxc5 28. Bxc5 Qa5 29. Bd6 Qd8 30. Rc1 Rc8 31. Nf1 f6 32. gxf6 gxf6 33. Ng3 fxe5 34. Bxe5 Rxe5 35. Qxe5 Qxh4+ 36. Kg2 Re8 37. Qd4 Rf8 38. Rxc6 Rf3 39. Bxd5+ Bf7 40. Rc8+ 1-0